书目信息 |
| 题名: |
德国玩全攻略
|
|
| 作者: | 《德国玩全攻略》编辑部编著 | |
| 分册: | ||
| 出版信息: | 桂林 广西师范大学出版社 2011 |
|
| 页数: | 227页 | |
| 开本: | 22cm | |
| 丛书名: | ||
| 单 册: | ||
| 中图分类: | K951.69 | |
| 科图分类: | ||
| 主题词: | 导游--德国 | |
| 电子资源: | ||
| ISBN: | 978-7-5495-0170-0 | |
| 000 | 00778nam0 2200229 450 | |
| 001 | 337950 | |
| 005 | 20150601085218.85 | |
| 010 | @a978-7-5495-0170-0@dCNY39.80 | |
| 100 | @a20110323d2011 em y0chiy50 ea | |
| 101 | 0 | @achi |
| 102 | @aCN@b450000 | |
| 105 | @aa z 001yy | |
| 106 | @ar | |
| 200 | 1 | @a德国玩全攻略@Ade guo wan quan gong lue@d= Germany guide & map@e2011-2012最新全彩版@f《德国玩全攻略》编辑部编著@zeng |
| 210 | @a桂林@c广西师范大学出版社@d2011 | |
| 215 | @a227页@c彩图@d22cm | |
| 330 | @a本书网罗了德国众多的热闹景点, 包括柏林全攻略、慕尼黑全攻略、法兰克福全攻略、汉堡全攻略、德国其他全攻略等几个部分。 | |
| 510 | 1 | @aGermany guide & map@zeng |
| 606 | 0 | @a导游@y德国 |
| 690 | @aK951.69@v5 | |
| 801 | 0 | @aCN@b卓展宏图@c20150525 |
| 905 | @dK951.69@e307@f4 | |
| 德国玩全攻略= Germany guide & map:2011-2012最新全彩版/《德国玩全攻略》编辑部编著.-桂林:广西师范大学出版社,2011 |
| 227页:彩图;22cm |
| ISBN 978-7-5495-0170-0:CNY39.80 |
| 本书网罗了德国众多的热闹景点, 包括柏林全攻略、慕尼黑全攻略、法兰克福全攻略、汉堡全攻略、德国其他全攻略等几个部分。 |
| ● |
| 相关链接 |
|
|
|
|
正题名:德国玩全攻略
索取号:K951.69/307
 
预约/预借
| 序号 | 登录号 | 条形码 | 馆藏地/架位号 | 状态 | 备注 |
| 1 | 856820 | 208568209 | 第二样本阅览室/ [索取号:K951.69/307] | 在馆 | |
| 2 | 856821 | 208568218 | 第二借阅区/ [索取号:K951.69/307] | 在馆 | |
| 3 | 856822 | 208568227 | 第二借阅区/ [索取号:K951.69/307] | 在馆 | |
| 4 | 856823 | 208568236 | 密集书库-资源管理系/ [索取号:K951.69/307] | 在馆 |